书目信息 |
| 题名: |
玄学史话
|
|
| 作者: | 陈咏明 著 | |
| 分册: | ||
| 出版信息: | 北京 中国大百科全书出版社 2000 |
|
| 页数: | 187页 | |
| 开本: | 19cm | |
| 丛书名: | 中华文明史话 | |
| 单 册: | ||
| 中图分类: | B235.05 , Z1 | |
| 科图分类: | ||
| 主题词: | 玄学--思想史--中国--魏晋南北朝时代 , 丛书 | |
| 电子资源: | ||
| ISBN: | 7-5000-6256-7 | |
| 000 | 00869oam2 2200265 450 | |
| 001 | 1555496739 | |
| 005 | 20151110154206.06 | |
| 010 | @a7-5000-6256-7@dCNY10.00 | |
| 100 | @a20001010d2000 em y0chiy0110 ea | |
| 101 | 0 | @achi |
| 102 | @aCN@b110000 | |
| 105 | @ay z 000yy | |
| 200 | 1 | @a玄学史话@9xuan xue shi hua@f陈咏明[著] |
| 210 | @a北京@c中国大百科全书出版社@d2000 | |
| 215 | @a187页@d19cm | |
| 225 | 2 | @a中华文明史话 |
| 330 | @a本书以玄学的历史发展顺序为线索,系统介绍玄学发展的各个阶段及相关的主要人物、概念和命题。书中描绘了古代士人在道德颓毁、兵连祸结的乱离之世寻找安身立命之道的心路历程。 | |
| 461 | 0 | @12001 @a中华文明史话 |
| 606 | 0 | @a玄学@x思想史@y中国@z魏晋南北朝时代 |
| 606 | 0 | @a丛书 |
| 690 | @aB235.05@v5 | |
| 690 | @aZ1@v4 | |
| 701 | 0 | @a陈咏明@9chen yong ming@f(1949~)@4著 |
| 801 | 0 | @aCN@bTSSF@c20150115 |
| 905 | @aZUCC@dZ1@eJY27:89 | |
| 玄学史话/陈咏明[著].-北京:中国大百科全书出版社,2000 |
| 187页;19cm.-(中华文明史话) |
| ISBN 7-5000-6256-7:CNY10.00 |
| 本书以玄学的历史发展顺序为线索,系统介绍玄学发展的各个阶段及相关的主要人物、概念和命题。书中描绘了古代士人在道德颓毁、兵连祸结的乱离之世寻找安身立命之道的心路历程。 |
| ● |
| 相关链接 |
|
|
|
|
正题名:玄学史话
索取号:Z1/JY27:89
 
预约/预借
| 序号 | 登录号 | 条形码 | 馆藏地/架位号 | 状态 | 备注 |
| 1 | 7835653 | 278356538 | 学院路分馆/ [索取号:Z1/JY27:89] | 在馆 | |
| 2 | 7835654 | 278356547 | 学院路分馆/ [索取号:Z1/JY27:89] | 在馆 | |
| 3 | 7835655 | 278356556 | 学院路分馆/ [索取号:Z1/JY27:89] | 在馆 | |
| 4 | 7835656 | 278356565 | 学院路分馆/ [索取号:Z1/JY27:89] | 在馆 |